[Event "Bad Woerishofen 2017 - Senioren"]
[Site "Bad Woerishofen"]
[Date "2017.03.15"]
[Round "6.44"]
[White "Kelemen, Norbert"]
[Black "Rueggeberg, Wilhelm"]
[Result "1-0"]
[WhiteElo "1630"]
[BlackElo "1845"]
[Annotator "chessorg"]
[PlyCount "55"]
[EventDate "2017.??.??"]
[WhiteTeam "SC Weiße Dame Ulm e.V."]
[BlackTeam "Sfr.Saarburg-Trier"]

1. c4 e5 2. g3 Nf6 3. Bg2 c6 4. Nf3 d6 5. Nc3 Be7 6. O-O Be6 7. d3 Nbd7 8. b3
O-O 9. Bb2 Rc8 10. Rc1 Ng4 11. d4 f5 12. dxe5 dxe5 13. h3 Nh6 14. e3 Qc7 15.
Ne2 Rcd8 16. Qe1 Bf6 17. Rd1 c5 18. Rd2 e4 19. Bxf6 gxf6 20. Nh4 Ne5 21. Nf4
Kf7 22. Qe2 Nhg4 23. hxg4 Rxd2 24. Qxd2 Rd8 25. Qe2 Nxg4 26. Nxe6 Kxe6 27. Bxe4
Nxe3 28. Bxf5+ 1-0

[Event "Bad Woerishofen 2017 - Senioren"]
[Site "Bad Woerishofen"]
[Date "2017.03.15"]
[Round "6.45"]
[White "Harke, Horst"]
[Black "Traversi, Carlo"]
[Result "1/2-1/2"]
[WhiteElo "1836"]
[BlackElo "1582"]
[Annotator "chessorg"]
[PlyCount "58"]
[EventDate "2017.??.??"]
[WhiteTeam "SK Varel"]

1. d4 Nf6 2. c4 g6 3. Nc3 d5 4. cxd5 Nxd5 5. e4 Nxc3 6. bxc3 Bg7 7. Bc4 O-O 8.
Ne2 b6 9. O-O Bb7 10. f3 Nd7 11. Be3 e6 12. Qc1 Re8 13. Rb1 Rb8 14. Rd1 Qc8 15.
Bb3 b5 16. d5 exd5 17. Bxa7 Ra8 18. Bd4 dxe4 19. f4 Nf6 20. Bxf6 Bxf6 21. Qe3
c5 22. c4 b4 23. Rd6 Be7 24. Rd2 Qc7 25. Rbd1 Rad8 26. h3 Rxd2 27. Rxd2 Rd8 28.
Bc2 Rxd2 29. Qxd2 f5 1/2-1/2

[Event "Bad Woerishofen 2017 - Senioren"]
[Site "Bad Woerishofen"]
[Date "2017.03.15"]
[Round "6.46"]
[White "Grandl, Klaus"]
[Black "Reichwald, Klaus"]
[Result "0-1"]
[WhiteElo "1576"]
[BlackElo "1834"]
[Annotator "chessorg"]
[PlyCount "80"]
[EventDate "2017.??.??"]
[WhiteTeam "Sportfr.Windach e.V.1923"]
[BlackTeam "SC Lohhof 1950 e.V."]

1. e4 c5 2. Nf3 Nc6 3. Nc3 d6 4. d3 g6 5. Bd2 Bg7 6. Rb1 Nf6 7. h3 e5 8. Qc1 h6
9. Be2 Be6 10. a3 a5 11. Be3 Nd4 12. Nh2 Nxe2 13. Nxe2 Qd7 14. c4 g5 15. Nc3
Nh5 16. Qd2 Nf4 17. f3 f6 18. Nf1 h5 19. Bxf4 gxf4 20. a4 Bh6 21. h4 Rg8 22.
Rc1 Qg7 23. Rc2 Ke7 24. Qf2 Qg6 25. Rh2 Rg7 26. Qg1 Rag8 27. Nd5+ Bxd5 28. cxd5
Qe8 29. b3 Qd7 30. Qf2 Rg3 31. Qd2 Qd8 32. Nxg3 fxg3 33. Qxh6 gxh2 34. Qh7+ Kf8
35. Qh6+ Rg7 36. Qh8+ Kf7 37. Qxd8 h1=Q+ 38. Kd2 Rxg2+ 39. Kc3 Qa1+ 40. Kc4
Qd4+ 0-1

[Event "Bad Woerishofen 2017 - Senioren"]
[Site "Bad Woerishofen"]
[Date "2017.03.15"]
[Round "6.47"]
[White "Urban, Rudolf"]
[Black "Eigenmann, Christina"]
[Result "1-0"]
[WhiteElo "1833"]
[BlackElo "1738"]
[Annotator "chessorg"]
[PlyCount "67"]
[EventDate "2017.??.??"]
[WhiteTeam "Roter Turm Altstadt Muenchen"]

1. d4 d5 2. Nf3 Nf6 3. Bf4 e6 4. e3 Nbd7 5. Bd3 b6 6. Nbd2 c5 7. c3 Bb7 8. h3
cxd4 9. exd4 a5 10. Qe2 Qc8 11. O-O Ba6 12. Rfe1 Bxd3 13. Qxd3 Be7 14. a4 O-O
15. Ne5 Nxe5 16. Bxe5 Ne8 17. Re3 Bf6 18. Rae1 g6 19. Nf3 Bxe5 20. dxe5 Qc4 21.
Qxc4 dxc4 22. Re4 Rc8 23. Rd1 Ng7 24. Rd6 b5 25. axb5 Nf5 26. Rc6 Rxc6 27. bxc6
Ne7 28. Rxc4 Rb8 29. c7 Rxb2 30. c8=Q+ Nxc8 31. Rxc8+ Kg7 32. Nd4 a4 33. Ra8
Rb1+ 34. Kh2 1-0

[Event "Bad Woerishofen 2017 - Senioren"]
[Site "Bad Woerishofen"]
[Date "2017.03.15"]
[Round "6.48"]
[White "Buss, Richard"]
[Black "Maassen, Hermann"]
[Result "1-0"]
[WhiteElo "1575"]
[BlackElo "1832"]
[Annotator "chessorg"]
[PlyCount "29"]
[EventDate "2017.??.??"]
[WhiteTeam "VfR Heisfelde e.V."]

1. e4 e5 2. Nf3 Nc6 3. Bc4 Nf6 4. d3 h6 5. h3 Bc5 6. c3 O-O 7. O-O a6 8. Re1 b5
9. Bb3 Bb7 10. Be3 Bxe3 11. Rxe3 d6 12. Nbd2 Qe7 13. Nf1 Nh5 14. N3h2 Rad8 15.
Qxh5 1-0

[Event "Bad Woerishofen 2017 - Senioren"]
[Site "Bad Woerishofen"]
[Date "2017.03.15"]
[Round "6.49"]
[White "Knischka, Walter"]
[Black "Erdmann, Wolfgang"]
[Result "1/2-1/2"]
[WhiteElo "1831"]
[BlackElo "1725"]
[Annotator "chessorg"]
[PlyCount "39"]
[EventDate "2017.??.??"]
[WhiteTeam "SK Oberguenzburg"]
[BlackTeam "SC Roter Turm Altstadt"]

1. d4 d5 2. c4 c6 3. Nc3 Nf6 4. Nf3 e6 5. cxd5 cxd5 6. a3 a6 7. Bg5 Be7 8. Qc2
O-O 9. e3 h6 10. Bh4 Nbd7 11. Bd3 b6 12. O-O Bb7 13. Rac1 Rc8 14. Qe2 b5 15. h3
Bd6 16. e4 dxe4 17. Bxe4 Bxe4 18. Nxe4 Be7 19. Nxf6+ Bxf6 20. Bxf6 1/2-1/2

[Event "Bad Woerishofen 2017 - Senioren"]
[Site "Bad Woerishofen"]
[Date "2017.03.15"]
[Round "6.50"]
[White "Dallmeier, Gerhard"]
[Black "Hauke, Hans"]
[Result "0-1"]
[WhiteElo "1819"]
[BlackElo "1702"]
[Annotator "chessorg"]
[PlyCount "82"]
[EventDate "2017.??.??"]
[WhiteTeam "SK Roland Weißenfels"]

1. e4 d5 2. e5 c5 3. c3 Nc6 4. d4 Bf5 5. Nf3 e6 6. Bd3 Nge7 7. Na3 cxd4 8. cxd4
Bxd3 9. Qxd3 Nf5 10. Nc2 Qb6 11. O-O Be7 12. Bd2 O-O 13. a3 Rfc8 14. g4 Nh4 15.
Nxh4 Bxh4 16. f4 h6 17. Kh1 g5 18. fxg5 Bxg5 19. Bxg5 hxg5 20. Rxf7 Kxf7 21.
Qh7+ Ke8 22. Rf1 Ne7 23. Rf7 Qd8 24. Qg7 Kd7 25. Nb4 Rc1+ 26. Kg2 Rac8 27. Nxd5
exd5 28. Qf6 R8c6 29. Qf5+ Kc7 30. Qxg5 R1c2+ 31. Kg3 Re6 32. Qf5 Rcc6 33. Qf3
Qd7 34. Qf4 Kb8 35. Qg5 Rc8 36. h4 Re8 37. h5 Qc8 38. h6 Rg6 39. Qf4 Reg8 40.
Rxe7 Rxg4+ 41. Kf3 Rxf4+ 0-1

[Event "Bad Woerishofen 2017 - Senioren"]
[Site "Bad Woerishofen"]
[Date "2017.03.15"]
[Round "6.51"]
[White "Weber, Gerhard"]
[Black "Hartlaub, Marianne"]
[Result "1-0"]
[WhiteElo "1773"]
[BlackElo "1555"]
[Annotator "chessorg"]
[PlyCount "33"]
[EventDate "2017.??.??"]
[WhiteTeam "SC Bayer Leverkusen e.V."]
[BlackTeam "SK 1982 Klingenberg e.V."]

1. e4 d6 2. d4 Nf6 3. f3 c6 4. c4 e6 5. Be3 Qa5+ 6. Nc3 a6 7. Bd3 Be7 8. Qd2
O-O 9. Nge2 Nbd7 10. g4 h6 11. Ng3 Nh7 12. h4 b5 13. Nh5 Bf6 14. g5 hxg5 15.
hxg5 Nxg5 16. Nxf6+ gxf6 17. Bxg5 1-0

[Event "Bad Woerishofen 2017 - Senioren"]
[Site "Bad Woerishofen"]
[Date "2017.03.15"]
[Round "6.53"]
[White "Flockerzi, Armin"]
[Black "Oser, Thor"]
[Result "1/2-1/2"]
[WhiteElo "1822"]
[BlackElo "1708"]
[Annotator "chessorg"]
[PlyCount "78"]
[EventDate "2017.??.??"]
[WhiteTeam "VfR-SC Koblenz"]
[BlackTeam "SK 1929 Joehlingen"]

1. Nf3 d5 2. d4 e6 3. g3 Nf6 4. Bg2 g6 5. c3 Bg7 6. Nbd2 O-O 7. O-O Nbd7 8. Re1
h6 9. Qc2 b6 10. e3 Bb7 11. b3 Rc8 12. Bb2 Re8 13. Rac1 c5 14. Qb1 Nh7 15. a3
Ng5 16. Nxg5 Qxg5 17. dxc5 bxc5 18. c4 Bxb2 19. Qxb2 Qf6 20. Qc2 Ba8 21. Rcd1
Nb6 22. Qc1 dxc4 23. Nxc4 Nxc4 24. Qxc4 Bxg2 25. Kxg2 Red8 26. Rxd8+ Qxd8 27.
Rc1 Qd5+ 28. e4 Qxc4 29. Rxc4 Rb8 30. Rc3 f6 31. Kf3 Kf7 32. Ke3 Ke7 33. Rd3
Rb6 34. f4 a5 35. g4 e5 36. fxe5 fxe5 37. h3 Ke6 38. h4 a4 39. bxa4 Ra6 1/2-1/2

[Event "Bad Woerishofen 2017 - Senioren"]
[Site "Bad Woerishofen"]
[Date "2017.03.15"]
[Round "6.54"]
[White "Niedermaier, Peter"]
[Black "Norman, Dinah"]
[Result "1/2-1/2"]
[WhiteElo "1808"]
[BlackElo "1697"]
[PlyCount "99"]
[EventDate "2017.??.??"]
[WhiteTeam "SU Ebersberg-Grafing"]

1. e4 d5 2. exd5 Qxd5 3. Nc3 Qa5 4. d4 Nf6 5. Bd3 c6 6. Nge2 Bg4 7. f3 Bh5 8.
O-O Bg6 9. Be3 Bxd3 10. Qxd3 e6 11. a3 Be7 12. b4 Qd8 13. Rfe1 O-O 14. Bf2 Nbd7
15. Ng3 Re8 16. Nge4 Nf8 17. Kh1 b6 18. Ne2 Rc8 19. Qb3 Qd7 20. Rad1 Qb7 21. c4
Rcd8 22. N2g3 Ng6 23. Nxf6+ Bxf6 24. Ne4 Be7 25. Bg3 h5 26. c5 h4 27. Bd6 Qd7
28. Bxe7 Rxe7 29. Nd6 Nf4 30. Re4 g5 31. Re5 f6 32. Re4 Kg7 33. Rde1 Kg6 34.
Qc2 Kh5 35. g3 hxg3 36. hxg3 Nd5 37. g4+ Kh6 38. R4e2 Kg7 39. Rh2 Rh8 40. Rxh8
Kxh8 41. Kg1 Rh7 42. Re2 Nf4 43. Rh2 Rxh2 44. Qxh2+ Kg7 45. Kf1 b5 46. Qc2 Nd5
47. Qd2 a6 48. Kg1 Nf4 49. Kf1 Qd8 50. Qh2 1/2-1/2

[Event "Bad Woerishofen 2017 - Senioren"]
[Site "Bad Woerishofen"]
[Date "2017.03.15"]
[Round "6.55"]
[White "Kirchhof, Manfred"]
[Black "Wawrinsky, Ludwig"]
[Result "0-1"]
[WhiteElo "1530"]
[BlackElo "1753"]
[Annotator "chessorg"]
[PlyCount "80"]
[EventDate "2017.??.??"]
[WhiteTeam "SC Unterhaching e.V."]
[BlackTeam "1.SK Neuperlach e.V."]

1. d4 f5 2. e4 fxe4 3. Nc3 Nf6 4. Bg5 g6 5. Bxf6 exf6 6. Nxe4 Bg7 7. c3 O-O 8.
Be2 b6 9. Nf3 Bb7 10. Ng3 Re8 11. O-O d6 12. Qb3+ Kh8 13. Rfe1 Nc6 14. Rad1 Qd7
15. Qc2 Qf7 16. b3 Re7 17. Bd3 Rae8 18. Rxe7 Rxe7 19. Qd2 Qf8 20. Re1 a5 21.
Rxe7 Nxe7 22. Be4 d5 23. Bd3 Bc8 24. Qf4 Qd8 25. Qe3 c6 26. Nd2 Qd6 27. Nb1 f5
28. f4 Bd7 29. Ne2 h5 30. h4 Ng8 31. Qg3 Kh7 32. c4 Nf6 33. Qf3 Ne4 34. Ng3
Bxd4+ 35. Kh2 Qe7 36. Kh3 Nf2+ 37. Kh2 Qxh4+ 38. Kg1 Nxd3+ 39. Kf1 Qxf4 40.
Qxf4 Nxf4 0-1

[Event "Bad Woerishofen 2017 - Senioren"]
[Site "Bad Woerishofen"]
[Date "2017.03.15"]
[Round "6.56"]
[White "Fuchs, Joachim"]
[Black "Mack, Friedemann"]
[Result "1-0"]
[WhiteElo "1736"]
[BlackElo "1517"]
[Annotator "chessorg"]
[PlyCount "129"]
[EventDate "2017.??.??"]
[WhiteTeam "SC Starnberg"]
[BlackTeam "TSG Steinheim"]

1. d4 d5 2. c4 Nf6 3. Nc3 e6 4. e3 Bb4 5. Bd2 Bd7 6. Nf3 O-O 7. Bd3 Nc6 8. O-O
Bxc3 9. Bxc3 dxc4 10. Bxc4 Ne4 11. Be1 a6 12. Bd3 Ng5 13. Bc3 Qf6 14. Nd2 h6
15. f4 Nh7 16. d5 Qd8 17. dxc6 Bxc6 18. Qc2 g6 19. Rad1 f5 20. Nf3 Qe7 21. Bd4
Rfd8 22. Ne5 Be8 23. Rc1 c6 24. Bb6 Rdc8 25. Qb3 Nf6 26. Bc5 Qg7 27. Qxe6+ Bf7
28. Nxf7 Qxf7 29. Qxf7+ Kxf7 30. Rfe1 Nd5 31. Bc4 Kg7 32. Bxd5 cxd5 33. Bd4+
Kf7 34. Be5 Rc6 35. Rcd1 Ke6 36. Rd3 Rd8 37. h3 Rdc8 38. Kf2 Rc2+ 39. Kf3 Re8
40. Red1 Rd8 41. g4 fxg4+ 42. hxg4 Rd7 43. Kg3 Rc4 44. Bd4 Rc2 45. Bc3 b5 46.
e4 Re7 47. Rxd5 Kf7 48. Rd7 Rxd7 49. Rxd7+ Ke8 50. Ra7 b4 51. Bg7 h5 52. Rxa6
Kf7 53. Be5 Rc1 54. Rf6+ Ke7 55. Rxg6 Rg1+ 56. Kf3 hxg4+ 57. Rxg4 Ra1 58. Rg7+
Kf8 59. Ra7 b3 60. a3 Rh1 61. Kg4 Rd1 62. Kf5 Rd8 63. Rb7 Kg8 64. Rxb3 Rf8+ 65.
Kg6 1-0

[Event "Bad Woerishofen 2017 - Senioren"]
[Site "Bad Woerishofen"]
[Date "2017.03.15"]
[Round "6.57"]
[White "Collins, Alan"]
[Black "Thonig, Manfred"]
[Result "1-0"]
[WhiteElo "1717"]
[BlackElo "1544"]
[Annotator "chessorg"]
[PlyCount "85"]
[EventDate "2017.??.??"]
[WhiteTeam "Cowley"]
[BlackTeam "SK Großweil"]

1. f4 d6 2. Nf3 Nf6 3. d3 g6 4. e4 c5 5. g3 Bg7 6. Bg2 Qb6 7. Na3 Ng4 8. Nc4
Qc7 9. c3 O-O 10. O-O b5 11. Ne3 b4 12. Nxg4 Bxg4 13. Qc2 Nc6 14. Bd2 a5 15.
Rae1 Rab8 16. h3 Bxf3 17. Bxf3 a4 18. e5 b3 19. axb3 axb3 20. Qd1 dxe5 21. Bxc6
Qxc6 22. fxe5 Qd7 23. Bf4 Qxh3 24. e6 Rbd8 25. Qxb3 f6 26. Rf3 g5 27. Ref1 gxf4
28. gxf4 Qg4+ 29. Kh1 Qf5 30. Qc4 Kh8 31. Kg2 Bh6 32. Kf2 Rg8 33. Rh1 Qg6 34.
Rfh3 Qg2+ 35. Ke1 Rg3 36. Rxh6 Re3+ 37. Kd1 Rexd3+ 38. Kc1 Rh3 39. R6xh3 Qd2+
40. Kb1 Ra8 41. Rxh7+ Kg8 42. Qe4 Rd8 43. Qg6+ 1-0

[Event "Bad Woerishofen 2017 - Senioren"]
[Site "Bad Woerishofen"]
[Date "2017.03.15"]
[Round "6.58"]
[White "Wraga, Teresa"]
[Black "Hardt, Dieter"]
[Result "1/2-1/2"]
[WhiteElo "1667"]
[BlackElo "1733"]
[Annotator "chessorg"]
[PlyCount "85"]
[EventDate "2017.??.??"]
[WhiteTeam "SG Osnabrueck"]
[BlackTeam "SG Konstanz"]

1. e4 d5 2. Nc3 d4 3. Nce2 e5 4. d3 Nc6 5. g3 Nf6 6. Bg2 Bd6 7. Nf3 Bd7 8. O-O
Ne7 9. h3 h6 10. c3 c5 11. cxd4 cxd4 12. Qb3 Bc6 13. Nd2 Qd7 14. Qd1 O-O 15.
Nc4 Bc7 16. b3 b5 17. Nd2 Bd6 18. Nf3 Ng6 19. Bb2 Rfc8 20. Rc1 Rc7 21. Rc2 Rac8
22. Qb1 b4 23. Rfc1 Bb5 24. Rxc7 Rxc7 25. Rxc7 Qxc7 26. Nd2 Nd7 27. Nc4 Nc5 28.
Bc1 a5 29. Bd2 Nd7 30. Kh2 Nc5 31. Kg1 Ne6 32. f3 Be7 33. h4 h5 34. Bh3 Bd7 35.
Kf2 Nc5 36. Bxd7 Nxd7 37. f4 f6 38. f5 Ngf8 39. Ng1 Nc5 40. Nf3 g6 41. fxg6
Nxg6 42. Qc2 Bd8 43. Be1 1/2-1/2

[Event "Bad Woerishofen 2017 - Senioren"]
[Site "Bad Woerishofen"]
[Date "2017.03.15"]
[Round "6.59"]
[White "Koch, Dieter"]
[Black "Gepting, Konrad"]
[Result "0-1"]
[WhiteElo "1725"]
[BlackElo "1606"]
[Annotator "chessorg"]
[PlyCount "140"]
[EventDate "2017.??.??"]
[WhiteTeam "SC Ammersee"]
[BlackTeam "SK Marktoberdorf"]

1. d4 d5 2. Bg5 h6 3. Bf4 Nf6 4. e3 c6 5. Bd3 Bg4 6. Nf3 Nbd7 7. Nbd2 Nh5 8. c3
Nxf4 9. exf4 e6 10. Qc2 Qc7 11. Ne5 Bh5 12. h3 O-O-O 13. g4 Nxe5 14. fxe5 Bg6
15. Bxg6 fxg6 16. Qxg6 Qd7 17. f4 c5 18. O-O Re8 19. a4 cxd4 20. Rfc1 Kb8 21.
Nf3 dxc3 22. bxc3 Bc5+ 23. Kg2 h5 24. g5 h4 25. Nd4 Re7 26. Qd3 a6 27. Rcb1 Ka7
28. Nb3 Qc7 29. a5 Rf7 30. Ra4 Qc6 31. Nxc5 Qxc5 32. Rb6 Rhf8 33. Rbb4 Rc7 34.
Rb3 Qc6 35. Qe3+ d4+ 36. Qf3 Qxf3+ 37. Kxf3 dxc3 38. Rb1 c2 39. Rc1 Rd8 40. Kg4
g6 41. Ra2 Rdc8 42. Kxh4 Rc4 43. Kg4 R8c5 44. Kf3 b6 45. axb6+ Kxb6 46. Rb2+
Kc7 47. Rb3 a5 48. Rd3 Rc6 49. Ke3 a4 50. Ra3 Kb6 51. h4 Kb5 52. h5 gxh5 53. g6
Kb4 54. g7 Rc8 55. Raa1 Kb3 56. Rg1 Rg8 57. f5 exf5 58. Kd2 Kb2 59. Rac1 Rd4+
60. Ke3 Re4+ 61. Kf3 Rxe5 62. Kf4 Rc5 63. Ke3 a3 64. Kd4 Rc7 65. Kd3 Rd7+ 66.
Ke3 Re8+ 67. Kf4 Rxg7 68. Rgf1 Re4+ 69. Kf3 Rg8 70. Kf2 Rf4+ 0-1

[Event "Bad Woerishofen 2017 - Senioren"]
[Site "Bad Woerishofen"]
[Date "2017.03.15"]
[Round "6.60"]
[White "Schulz, Franz"]
[Black "Narr, Irmgard"]
[Result "1-0"]
[WhiteElo "1629"]
[BlackElo "1694"]
[Annotator "chessorg"]
[PlyCount "139"]
[EventDate "2017.??.??"]
[WhiteTeam "SV Ebersbach"]
[BlackTeam "SC Muehlh.-R.Nuernberg"]

1. b4 Nf6 2. Bb2 e6 3. a3 b6 4. c4 Bb7 5. e3 c5 6. b5 Be7 7. Nf3 d6 8. Be2 Nbd7
9. Nc3 O-O 10. O-O Re8 11. Qc2 Nf8 12. d4 cxd4 13. Nxd4 Ng6 14. Bf3 Bxf3 15.
Nxf3 Qc7 16. Rad1 Qxc4 17. Rd4 Qc7 18. Nh4 Ne5 19. Qe2 d5 20. a4 Bc5 21. Rdd1
Neg4 22. g3 Ne5 23. Nf3 Ng6 24. h4 h5 25. Rc1 Qe7 26. Rc2 Rac8 27. Rfc1 Ng4 28.
Nh2 N6e5 29. Nxg4 Nxg4 30. Qd1 f5 31. Ne2 Rcd8 32. Nf4 Qf7 33. Nd3 Bd6 34. Rc6
Bb8 35. Kg2 Qg6 36. Nf4 Qf7 37. Nh3 Qg6 38. Ng5 Be5 39. Bd4 Qf6 40. Bxe5 Qxe5
41. Rc7 Ra8 42. Qc2 d4 43. Nf3 Qd5 44. exd4 Nf6 45. Qd2 Ne4 46. Qf4 Kh8 47. Qe5
Nf6 48. Qxd5 Nxd5 49. R7c6 Nb4 50. Rc7 Nd5 51. R7c4 Kg8 52. Re1 Re7 53. Ng5
Rae8 54. Re5 g6 55. Rc6 Nb4 56. Rcxe6 Rxe6 57. Rxe6 Rxe6 58. Nxe6 Kf7 59. Nf4
a6 60. bxa6 Nxa6 61. Nd5 Ke6 62. Nxb6 Nc7 63. Kf3 Kd6 64. Kf4 Ne6+ 65. Ke3 Kc6
66. d5+ Kxb6 67. dxe6 Kc7 68. Kf4 Kd6 69. Kg5 Kxe6 70. Kxg6 1-0

[Event "Bad Woerishofen 2017 - Senioren"]
[Site "Bad Woerishofen"]
[Date "2017.03.15"]
[Round "6.61"]
[White "Wraga, Hermann"]
[Black "Walther, Renate"]
[Result "1-0"]
[WhiteElo "1683"]
[BlackElo "1196"]
[Annotator "chessorg"]
[PlyCount "73"]
[EventDate "2017.??.??"]
[WhiteTeam "SG Osnabrueck"]
[BlackTeam "SK 1911 Herzogenaurach"]

1. e4 e5 2. Bc4 Nf6 3. d3 Be7 4. Nf3 d6 5. h3 Nc6 6. a3 O-O 7. O-O a6 8. Nbd2
b5 9. Ba2 Nd4 10. Nxd4 exd4 11. Nf3 c5 12. Re1 Bb7 13. Bd2 Qc7 14. Re2 Rad8 15.
Qe1 Kh8 16. Ba5 Qd7 17. Bxd8 Bxd8 18. Nh2 Nh5 19. Qf1 Nf4 20. Rd2 Bg5 21. Rdd1
Bc8 22. g4 Qe7 23. Re1 Bb7 24. Rad1 Qf6 25. Bd5 Nxd5 26. exd5 Qd8 27. Re2 Bxd5
28. b3 Bf4 29. Rde1 Bxh2+ 30. Kxh2 g6 31. Re7 Bc6 32. Qe2 Be8 33. Rxe8 Qxe8 34.
Qxe8 Rxe8 35. Rxe8+ Kg7 36. Rd8 a5 37. Rxd6 1-0

[Event "Bad Woerishofen 2017 - Senioren"]
[Site "Bad Woerishofen"]
[Date "2017.03.15"]
[Round "6.62"]
[White "Huba, Mark"]
[Black "Richter, Stefan"]
[Result "0-1"]
[WhiteElo "1590"]
[BlackElo "1671"]
[Annotator "chessorg"]
[PlyCount "40"]
[EventDate "2017.??.??"]
[WhiteTeam "Kings Head"]
[BlackTeam "Elstertal langenberg"]

1. c4 b6 2. e4 c5 3. Nc3 a6 4. d3 Bb7 5. g3 e6 6. Bg2 Nc6 7. Nge2 Be7 8. O-O h5
9. h4 g5 10. hxg5 Bxg5 11. f4 Be7 12. f5 h4 13. fxe6 dxe6 14. g4 h3 15. Bh1 Nf6
16. Ng3 Qd4+ 17. Rf2 Ne5 18. Nce2 Qxd3 19. Qe1 Nfxg4 20. Nf4 Qxg3+ 0-1

[Event "Bad Woerishofen 2017 - Senioren"]
[Site "Bad Woerishofen"]
[Date "2017.03.15"]
[Round "6.63"]
[White "Schwenke, Norbert"]
[Black "Braeu, Emmi"]
[Result "0-1"]
[WhiteElo "1627"]
[BlackElo "1558"]
[Annotator "chessorg"]
[PlyCount "84"]
[EventDate "2017.??.??"]
[BlackTeam "SK Marktoberdorf"]

1. Nc3 c5 2. f4 e6 3. e4 d5 4. Bb5+ Nc6 5. exd5 exd5 6. Qe2+ Be7 7. Nf3 a6 8.
Bxc6+ bxc6 9. O-O Nf6 10. d3 O-O 11. Nd1 Re8 12. Qf2 Bd6 13. Re1 Bb7 14. c3 Qc7
15. g3 Rxe1+ 16. Qxe1 Re8 17. Qf1 a5 18. Nf2 Ba6 19. a4 Qb6 20. Qd1 Bc8 21. Nh4
Qd8 22. Bd2 Qe7 23. Qc2 Qd7 24. Rf1 Ng4 25. c4 Re2 26. Qd1 Qe6 27. Nf3 Nxf2 28.
Rxf2 Rxf2 29. Kxf2 Qh3 30. Qe2 Bg4 31. Qe8+ Bf8 32. Ng5 Qxh2+ 33. Kf1 Qh3+ 34.
Kf2 Qh5 35. Bxa5 h6 36. Bc3 Qg6 37. Ne6 Bxe6 38. Be5 Bf5 39. cxd5 cxd5 40. d4
cxd4 41. Bxd4 Bg4 42. Bc5 Qc2+ 0-1

[Event "Bad Woerishofen 2017 - Senioren"]
[Site "Bad Woerishofen"]
[Date "2017.03.16"]
[Round "7.1"]
[White "Frick, Christoph"]
[Black "Berry, Stephen"]
[Result "1/2-1/2"]
[WhiteElo "2256"]
[BlackElo "2272"]
[Annotator "chessorg"]
[PlyCount "35"]
[EventDate "2017.??.??"]
[WhiteTeam "Tuebingen"]
[BlackTeam "Wimbledon"]

1. e4 e5 2. Nf3 Nc6 3. d4 exd4 4. Nxd4 Bb4+ 5. c3 Be7 6. Bc4 Nf6 7. Nxc6 bxc6
8. e5 Ne4 9. Qf3 d5 10. exd6 Nxd6 11. Bd3 O-O 12. O-O Bb7 13. Nd2 c5 14. Qh3 g6
15. Nc4 Bd5 16. Nxd6 Bxd6 17. Bh6 Re8 18. Rfd1 1/2-1/2

[Event "Bad Woerishofen 2017 - Senioren"]
[Site "Bad Woerishofen"]
[Date "2017.03.16"]
[Round "7.2"]
[White "Kierzek, Matthias"]
[Black "Kelchner, Hans"]
[Result "1/2-1/2"]
[WhiteElo "2245"]
[BlackElo "2152"]
[Annotator "chessorg"]
[PlyCount "49"]
[EventDate "2017.??.??"]
[WhiteTeam "SC Fulda"]

1. d4 Nf6 2. c4 e6 3. Nf3 d5 4. Nc3 Be7 5. Bf4 c6 6. e3 Nbd7 7. h3 Qa5 8. Nd2
Bb4 9. Qc2 Nb6 10. Bc7 Kd7 11. Nb3 Bxc3+ 12. bxc3 Qa3 13. Bxb6 axb6 14. cxd5
exd5 15. Bd3 Kc7 16. O-O b5 17. Nd2 Qa4 18. Nb3 Qa3 19. Qe2 Re8 20. Rfc1 Qe7
21. Qf3 h5 22. Qg3+ Qd6 23. f4 g6 24. Re1 Bd7 25. Nd2 1/2-1/2

[Event "Bad Woerishofen 2017 - Senioren"]
[Site "Bad Woerishofen"]
[Date "2017.03.16"]
[Round "7.3"]
[White "Pribyl, Josef"]
[Black "Gundersen, Helge"]
[Result "1/2-1/2"]
[WhiteElo "2263"]
[BlackElo "2134"]
[Annotator "chessorg"]
[PlyCount "39"]
[EventDate "2017.??.??"]
[WhiteTeam "SC 1868 Bamberg"]

1. d3 e5 2. f4 exf4 3. Bxf4 d5 4. Nf3 Bd6 5. Qd2 Nf6 6. Nc3 c6 7. e4 Bxf4 8.
Qxf4 O-O 9. O-O-O Na6 10. e5 Nh5 11. Qe3 Nc7 12. Rg1 Bg4 13. d4 Ne6 14. Kb1
Nhf4 15. h3 Bxf3 16. gxf3 f6 17. Ne2 fxe5 18. dxe5 Qb6 19. Nd4 Nxd4 20. Rxd4
1/2-1/2

[Event "Bad Woerishofen 2017 - Senioren"]
[Site "Bad Woerishofen"]
[Date "2017.03.16"]
[Round "7.4"]
[White "Kroencke, Manfred"]
[Black "Baum, Bernd"]
[Result "1/2-1/2"]
[WhiteElo "2076"]
[BlackElo "2223"]
[Annotator "chessorg"]
[PlyCount "83"]
[EventDate "2017.??.??"]
[WhiteTeam "SG Glueckstadt von 1920 e. V."]
[BlackTeam "SC Fulda"]

1. e4 c5 2. Nf3 g6 3. d3 Bg7 4. g3 Nc6 5. Bg2 e5 6. O-O Nge7 7. c3 O-O 8. a3 d6
9. b4 h6 10. Bb2 f5 11. Ne1 f4 12. f3 Be6 13. b5 Na5 14. c4 h5 15. Bc3 g5 16.
g4 Ng6 17. h3 Kf7 18. Qa4 b6 19. Bxa5 bxa5 20. Nc3 Rh8 21. Rb1 Bd7 22. Rf2 Bf6
23. Qd1 Rb8 24. Nd5 Ne7 25. Nxe7 Bxe7 26. Rfb2 Qc7 27. Nc2 Bd8 28. a4 Be6 29.
Na3 Qd7 30. Ra1 Bb6 31. Nb1 Rh7 32. Nc3 Rbh8 33. Raa2 Qd8 34. Bf1 Rh6 35. Rh2
R8h7 36. Rag2 Qh8 37. Rf2 Ke8 38. Qe2 Kd7 39. Qd1 Kc8 40. Qe2 Kb7 41. Nd5 Bd7
42. Qd2 1/2-1/2

[Event "Bad Woerishofen 2017 - Senioren"]
[Site "Bad Woerishofen"]
[Date "2017.03.16"]
[Round "7.5"]
[White "Okrajek, Alexander"]
[Black "Kierzek, Mira"]
[Result "1/2-1/2"]
[WhiteElo "2213"]
[BlackElo "1974"]
[Annotator "chessorg"]
[PlyCount "42"]
[EventDate "2017.??.??"]
[WhiteTeam "SC 1919 Siegburg e.V."]
[BlackTeam "SC Fulda"]

1. c4 Nf6 2. Nf3 e6 3. g3 d5 4. Bg2 Be7 5. O-O O-O 6. d4 c6 7. Nbd2 Nbd7 8. Qc2
Re8 9. b3 b6 10. e4 dxe4 11. Nxe4 Bb7 12. Be3 c5 13. Nxf6+ Bxf6 14. Rad1 cxd4
15. Bxd4 Qc7 16. Qb2 Rad8 17. Bxf6 Nxf6 18. Qe5 Qc8 19. Nh4 Bxg2 20. Nxg2 h6
21. Ne3 Qa6 1/2-1/2

[Event "Bad Woerishofen 2017 - Senioren"]
[Site "Bad Woerishofen"]
[Date "2017.03.16"]
[Round "7.6"]
[White "Loew, Peter"]
[Black "Daeubler, Heinrich"]
[Result "0-1"]
[WhiteElo "2051"]
[BlackElo "2161"]
[Annotator "chessorg"]
[PlyCount "76"]
[EventDate "2017.??.??"]
[WhiteTeam "SC Waldkraiburg"]
[BlackTeam "SC Haselmuehl"]

1. e4 g6 2. d4 Bg7 3. Nc3 d6 4. f4 a6 5. a4 Nc6 6. Be3 Nf6 7. Nf3 O-O 8. Be2 e5
9. d5 Ng4 10. Bg1 Ne7 11. fxe5 Nxe5 12. Nxe5 Bxe5 13. Bd4 Bxd4 14. Qxd4 f5 15.
O-O fxe4 16. Nxe4 Nf5 17. Qc3 Qe7 18. Bd3 Qg7 19. Rae1 Qxc3 20. Nxc3 Bd7 21. b3
Rae8 22. Nd1 Nh6 23. Rxf8+ Rxf8 24. Re7 Rf7 25. Re1 Ng4 26. a5 Kg7 27. c4 Ne5
28. Be4 Re7 29. Nf2 Ng4 30. Nxg4 Bxg4 31. Kf2 Kf6 32. Re3 Rf7 33. Bf3 Bd7 34.
Ke1 Re7 35. Kd2 Rxe3 36. Kxe3 Ke5 37. g3 b6 38. axb6 cxb6 $138 0-1

[Event "Bad Woerishofen 2017 - Senioren"]
[Site "Bad Woerishofen"]
[Date "2017.03.16"]
[Round "7.7"]
[White "Abegg, Beat"]
[Black "Norman, Kenneth"]
[Result "1/2-1/2"]
[WhiteElo "1904"]
[BlackElo "2136"]
[Annotator "chessorg"]
[PlyCount "72"]
[EventDate "2017.??.??"]
[WhiteTeam "SK Altdorf"]

1. d4 Nf6 2. c4 g6 3. g3 Bg7 4. Bg2 O-O 5. Nf3 d6 6. Nc3 Nbd7 7. O-O e5 8. e4
c6 9. h3 Re8 10. Re1 exd4 11. Nxd4 Nc5 12. Kh2 a5 13. b3 Qb6 14. Be3 Qa6 15.
Qc2 Bd7 16. Rab1 Ne6 17. Nxe6 Rxe6 18. Rbd1 Rae8 19. c5 dxc5 20. Bxc5 Bc8 21.
f4 Nd7 22. Bd6 Bf8 23. Bxf8 Kxf8 24. Qd2 Qb6 25. e5 f5 26. Na4 Qc7 27. Qc3 b5
28. Nc5 Nxc5 29. Qxc5+ R8e7 30. Rd2 Kf7 31. Red1 Qa7 32. Qxa7 Rxa7 33. Rc2 Rc7
34. Rdc1 Bb7 35. Rc5 Rd7 36. R1c2 Rd4 1/2-1/2